<?xml version="1.0" encoding="UTF-8"?>
<record
    xmlns:xsi="http://www.w3.org/2001/XMLSchema-instance"
    xsi:schemaLocation="http://www.loc.gov/MARC21/slim http://www.loc.gov/standards/marcxml/schema/MARC21slim.xsd"
    xmlns="http://www.loc.gov/MARC21/slim">

  <leader>01151nam a2200229 i 4500</leader>
  <controlfield tag="001">160439</controlfield>
  <controlfield tag="003">ES-MaACL</controlfield>
  <controlfield tag="005">20250927112022.0</controlfield>
  <controlfield tag="008">981002q1870    fr af        |||| | fre d</controlfield>
  <datafield tag="245" ind1="0" ind2="3">
    <subfield code="a">Le Mus&#xE9;e galant du dix-huiti&#xE8;me siecle </subfield>
    <subfield code="b">: facsimil&#xE9;s d'estampes originales en noir et en couleurs / </subfield>
    <subfield code="c">chefs-d'oeuvre de Baudouin, Boilly, Boucher ... [et al.].</subfield>
  </datafield>
  <datafield tag="260" ind1=" " ind2=" ">
    <subfield code="a">Paris : </subfield>
    <subfield code="b">G. Charpentier &amp; E. Fasquelle, </subfield>
    <subfield code="c">[ca. 1870] (</subfield>
    <subfield code="e">Sceaux :</subfield>
    <subfield code="f">Imp. Charaire et Cie)</subfield>
  </datafield>
  <datafield tag="300" ind1=" " ind2=" ">
    <subfield code="a">10 fasc. : </subfield>
    <subfield code="b">todas il. col. y n. ; </subfield>
    <subfield code="c">28 x 35 cm.</subfield>
  </datafield>
  <datafield tag="530" ind1=" " ind2=" ">
    <subfield code="a">Disponible en formato digital.</subfield>
  </datafield>
  <datafield tag="596" ind1=" " ind2=" ">
    <subfield code="a">Pie de imp. del fasc. 10 : Paris : G. Charpentier &amp; Fasquelle, editeurs, Eug&#xE8;ne Fasquelle, successeur.</subfield>
  </datafield>
  <datafield tag="599" ind1=" " ind2=" ">
    <subfield code="a">Las [6] p. de l&#xE1;m. de cada fasc&#xED;culo son grab. facs&#xED;miles.</subfield>
  </datafield>
  <datafield tag="650" ind1="0" ind2="4">
    <subfield code="a">Pintura francesa-</subfield>
    <subfield code="x">S.XVIII.</subfield>
    <subfield code="9">16050</subfield>
  </datafield>
  <datafield tag="700" ind1="1" ind2=" ">
    <subfield code="a">Baudouin, Pierre Antoine, </subfield>
    <subfield code="d">1723-1769</subfield>
    <subfield code="9">163638</subfield>
  </datafield>
  <datafield tag="700" ind1="1" ind2=" ">
    <subfield code="a">Boucher, Fran&#xE7;ois, </subfield>
    <subfield code="d">1703-1770</subfield>
    <subfield code="9">156306</subfield>
  </datafield>
  <datafield tag="852" ind1=" " ind2=" ">
    <subfield code="a">ES-MaACL</subfield>
    <subfield code="j">G-12261 </subfield>
    <subfield code="z">- Enc. hol.</subfield>
  </datafield>
  <datafield tag="856" ind1=" " ind2=" ">
    <subfield code="u">https://bvpb.mcu.es/es/consulta/registro.do?id=577732 </subfield>
    <subfield code="z">Biblioteca Virtual del Patrimonio Bibliogr&#xE1;fico</subfield>
  </datafield>
  <datafield tag="999" ind1=" " ind2=" ">
    <subfield code="c">160439</subfield>
    <subfield code="d">160439</subfield>
  </datafield>
  <datafield tag="952" ind1=" " ind2=" ">
    <subfield code="0">0</subfield>
    <subfield code="1">0</subfield>
    <subfield code="4">0</subfield>
    <subfield code="7">0</subfield>
    <subfield code="8">Colecci&#xF3;n_digital</subfield>
    <subfield code="a">ATENEOM</subfield>
    <subfield code="b">ATENEOM</subfield>
    <subfield code="c">SPP3</subfield>
    <subfield code="d">2008-01-17</subfield>
    <subfield code="e">SSC</subfield>
    <subfield code="l">0</subfield>
    <subfield code="o">G-12261</subfield>
    <subfield code="p">1167993</subfield>
    <subfield code="r">2023-02-23 00:00:00</subfield>
    <subfield code="w">2023-02-23</subfield>
    <subfield code="y">MONANT</subfield>
  </datafield>
</record>
